[Event "Bundesliga 2002-3"]
[Site "Forchheim GER"]
[Date "2002.10.19"]
[Round "1"]
[White "Speelman,J"]
[Black "Jirovsky,M"]
[Result "1/2-1/2"]
[WhiteElo "2583"]
[BlackElo "2457"]

1.d4 d5 2.c4 e6 3.Nc3 c5 4.e3 Nf6 5.Nf3 Nc6 6.cxd5 exd5 7.Bb5 Bd6 8.dxc5 Bxc5
9.Nd4 Bd7 10.Nb3 Bb4 11.O-O a6 12.Be2 Be6 13.Na4 O-O 14.Bd2 Bd6 15.Nac5 Qb6
16.Rc1 Rad8 17.Bc3 Ne4 18.Nxe6 Nxc3 19.bxc3 fxe6 20.Bg4 Rfe8 21.Nd4 Nxd4
22.cxd4 e5 23.Bf3 exd4 24.Bxd5+ Kh8 25.e4 Bb4 26.Qb3 Qd6 27.Rcd1 b5 28.Rxd4 Bc5
29.Rd3 Rf8 30.g3 Qb6 31.Qc2 Rc8 32.Qb2 a5 33.Kg2 a4 34.a3 b4 35.axb4 Bxb4
36.Rd4 Rb8 37.Rc4 a3 38.Qd4 Qxd4 39.Rxd4  1/2-1/2

[Event "Bundesliga 2002-3"]
[Site "Forchheim GER"]
[Date "2002.10.20"]
[Round "2"]
[White "Ribli,Z"]
[Black "Speelman,J"]
[Result "1/2-1/2"]
[WhiteElo "2574"]
[BlackElo "2583"]

1.Nf3 Nf6 2.c4 e6 3.g3 d5 4.d4 Be7 5.Bg2 O-O 6.O-O dxc4 7.Qc2 a6 8.Qxc4 b5
9.Qc2 Bb7 10.Bd2 Nbd7 11.e3 Ra7 12.Rc1 Qa8 13.Ne1 Nb8 14.Bxb7 Qxb7 15.Ba5 Rc8
16.Nd3 Nfd7 17.Nd2 e5 18.Bb4 Bxb4 19.Nxb4 exd4 20.exd4 Nf8 21.d5 Rd8 22.Nf3 Ng6
23.Nd4 Ra8 24.Qxc7 Qxc7 25.Rxc7 a5 26.Nbc2 Na6 27.Rb7 Rxd5 28.Rxb5 Rxb5 29.Nxb5 Rb8
30.Ncd4 Ne5 31.Re1 Nd3 32.Re7 Nxb2 33.Ra7 Nb4 34.Rxa5 g6 35.Nd6 Rd8 36.N4b5 Nc2
37.Ra6 Rd7 38.a4 Re7 39.a5 Re1+ 40.Kg2 Ra1 41.Kf3 Nd3 42.Ra8+ Kg7 43.Ra7 Ne5+
44.Kf4 Re1 45.Nxf7 Nxf7 46.Nd6 g5+ 47.Kf3 Kg6 48.Nxf7 h5 49.Nh8+ Kh6 50.Ra6+ Kg7
51.Rg6+ Kxh8 52.Rxg5 Nd4+ 53.Kg2 Ra1 54.Rxh5+ Kg7 55.Rc5 Nb3 56.Rc7+ Kf6
57.Rc6+ Ke5 58.a6 Kd5 59.Rb6 Nc5 60.h4 Nxa6 61.h5 Nc5 62.h6 Ra8 63.f4 Ke4
64.Kh3 Nd3 65.Kh4 Kf5 66.Kh5 Ra1 67.Rb5+ Kf6 68.Kg4 Kg6 69.Rb6+ Kh7 70.Kg5 Nc5
71.g4 Ne4+ 72.Kf5 Ng3+  1/2-1/2

[Event "Olympiad"]
[Site "Bled SLO"]
[Date "2002.10.30"]
[Round "5"]
[White "Toloza,P"]
[Black "Speelman,J"]
[Result "0-1"]
[WhiteElo "2349"]
[BlackElo "2583"]

1.d4 e6 2.c4 b6 3.Nf3 Bb7 4.g3 Bb4+ 5.Bd2 Bxf3 6.exf3 Bxd2+ 7.Qxd2 Nf6 8.Nc3 O-O
9.O-O-O d5 10.Kb1 Nc6 11.f4 Ne7 12.Bg2 c6 13.Qd3 dxc4 14.Qxc4 Rc8 15.Rhe1 Qd7
16.Bf3 Ned5 17.Ne4 Nxe4 18.Bxe4 Rfd8 19.a3 g6 20.Rd3 Nf6 21.Bf3 c5 22.Red1 b5
23.Qc2 c4 24.Re3 Qc7 25.Re5 Qb6 26.d5 exd5 27.Bxd5 a5 28.f5 Nxd5 29.Rexd5 Rxd5
30.Rxd5 b4 31.fxg6 hxg6 32.axb4 axb4 33.Qd2 c3 34.Qd4 Qc7 35.Qxb4 cxb2 36.Qxb2 Qc4
37.Ra5 Qe4+ 38.Ka1 Qe1+  0-1

[Event "Olympiad"]
[Site "Bled SLO"]
[Date "2002.11.01"]
[Round "7"]
[White "Speelman,J"]
[Black "Tiviakov,S"]
[Result "1/2-1/2"]
[WhiteElo "2583"]
[BlackElo "2631"]

1.Nf3 Nf6 2.c4 b6 3.g3 Bb7 4.Bg2 e6 5.O-O Be7 6.Nc3 O-O 7.Re1 Ne4 8.Nxe4 Bxe4
9.a3 c5 10.e3 d6 11.d3 Bb7 12.d4 Be4 13.d5 exd5 14.cxd5 Bf6 15.Ra2 Re8 16.Nd2 Bxg2
17.Kxg2 Nd7 18.a4 a6 19.Nc4 Ne5 20.Nxe5 Bxe5 21.Qd3 b5 22.Bd2 Rb8 23.axb5 axb5
24.Bc3 Bxc3 25.bxc3 b4 26.cxb4 Rxb4 27.Qf5 g6 28.Qf3 Qe7 29.Rea1 Kg7 30.Ra7 Rb7
31.R7a6 Qe5 32.R1a2 Rb3 33.Rd2 Rb4 34.Rda2 h5 35.h4 Re4 36.Rb6 Qxd5 37.Ra7 R4e5
38.Rxd6 Qxf3+  1/2-1/2

[Event "Olympiad"]
[Site "Bled SLO"]
[Date "2002.11.05"]
[Round "10"]
[White "Speelman,J"]
[Black "Ganguly,S"]
[Result "1/2-1/2"]
[WhiteElo "2583"]
[BlackElo "2531"]

1.Nf3 d5 2.b3 Nf6 3.Bb2 e6 4.g3 Be7 5.Bg2 O-O 6.c4 c5 7.cxd5 Nxd5 8.Nc3 Bf6
9.Qc1 Nc6 10.O-O Nxc3 11.Bxc3 e5 12.d3 Be6 13.Qb2 Nd4 14.e3 Nxf3+ 15.Bxf3 Bd5
16.Be4 Re8 17.Qe2 Qd6 18.Rfd1 Rad8 19.Qf3 Rd7 20.Bxd5 Qxd5 21.Qxd5 Rxd5 22.e4 Rd7
23.Kf1 Bd8 24.Ke2 Bc7 25.Bd2 g6 26.a3 f5 27.f3 Kf7 28.Be3 Bd6 29.b4 cxb4
30.axb4 a6 31.Rdb1 Rc8 32.Ra2 Rc3 33.Bd2 Rc6 34.b5 Rb6 35.Rab2 Bc5 36.bxa6 Rxb2
37.Rxb2 bxa6 38.Ra2 Rd6 39.Rc2 Bb6 40.Be3 fxe4 41.fxe4 Bxe3 42.Kxe3 Kf6 43.Rc5 h5
44.h4 Ke6 45.Kd2 Rb6 46.Kc3 Kd6 47.Rd5+ Ke6 48.Ra5 Rc6+ 49.Kd2 Rd6 50.Ke3  1/2-1/2

[Event "Bundesliga 2002-3"]
[Site "Hamburg GER"]
[Date "2002.11.09"]
[Round "7"]
[White "Speelman,J"]
[Black "Kempinski,R"]
[Result "1-0"]
[WhiteElo "2583"]
[BlackElo "2532"]

1.d4 Nf6 2.Nf3 g6 3.c4 Bg7 4.Nc3 O-O 5.Bg5 c5 6.d5 h6 7.Bh4 d6 8.e3 Qb6 9.Rb1 g5
10.Bg3 Nh5 11.Bd3 f5 12.O-O Na6 13.a3 Bd7 14.Nd2 Nxg3 15.fxg3 Rf7 16.g4 fxg4
17.Bh7+ Kxh7 18.Rxf7 Kg8 19.Rxe7 Qd8 20.Rxg7+ Kxg7 21.Qb3 b6 22.Nce4 Qe7
23.Qc3+ Kg6 24.Rf1 Rf8 25.Rxf8 Qxf8 26.Ng3 Nc7 27.Qd3+ Kf7 28.Ndf1 Ne8 29.Nh5 Ke7
30.Qh7+ Kd8 31.Nfg3 a6 32.Qc2 Qf7 33.Qc3 Kc7 34.e4 Qf8 35.b3 Kb7 36.a4 Kc7
37.a5 Qe7 38.axb6+ Kxb6 39.b4 cxb4 40.Qxb4+ Ka7 41.Qc3 Qd8 42.c5 dxc5 43.e5 Qb6
44.Nf6 Nxf6 45.exf6 Be8 46.Qe5 Bg6 47.Qe7+ Qb7 48.d6 Qxe7 49.fxe7 Be8 50.Ne4 c4
51.Kf2 c3 52.Ke3  1-0

[Event "Olympiad"]
[Site "Bled SLO"]
[Date "2002.11.10"]
[Round "14"]
[White "Miton,K"]
[Black "Speelman,J"]
[Result "0-1"]
[WhiteElo "2564"]
[BlackElo "2583"]

1.Nf3 Nf6 2.c4 b6 3.g3 Bb7 4.Bg2 g6 5.O-O Bg7 6.Nc3 O-O 7.d3 d5 8.Bg5 d4
9.Nb5 h6 10.Bf4 Ne8 11.b4 a6 12.Na3 a5 13.bxa5 Rxa5 14.Qc1 Na6 15.Nb5 g5
16.Bd2 Ra4 17.h4 g4 18.Ne1 Bxg2 19.Nxg2 c6 20.Na3 Qd6 21.Nc2 Nc5 22.Rb1 Nd7
23.a3 Ra8 24.Bb4 c5 25.Bd2 Nc7 26.Rb3 f5 27.e3 dxe3 28.Ncxe3 e5 29.Nc2 h5
30.Bg5 Rf7 31.f3 gxf3 32.Rxf3 Raf8 33.Qf1 Ne6 34.Nge3 Nxg5 35.hxg5 Qg6 36.Nd5 Qxg5
37.Nxb6 e4 38.dxe4 fxe4 39.Rxf7 Rxf7 40.Qg2 Qc1+ 41.Kh2 Ne5 42.Ne3 Ng4+ 43.Nxg4 hxg4
44.Qe2 Qh6+  0-1

[Event "Bundesliga 2002-3"]
[Site "Luebeck GER"]
[Date "2002.12.14"]
[Round "5"]
[White "Tischbierek,R"]
[Black "Speelman,J"]
[Result "1/2-1/2"]
[WhiteElo "2523"]
[BlackElo "2583"]

1.e4 c6 2.d3 g6 3.Nf3 Bg7 4.g3 d6 5.Bg2 Nf6 6.O-O O-O 7.Nc3 e5 8.Rb1 Re8
9.Bg5 h6 10.Bxf6 Qxf6 11.Nd2 Na6 12.f4 exf4 13.gxf4 Nc7 14.Kh1 d5 15.exd5 cxd5
16.Nxd5 Nxd5 17.Bxd5 Bh3 18.Rg1 Rad8 19.Qf3 Rxd5 20.Qxd5 Re2 21.Qf3 Rxd2
22.Qxh3 Qc6+ 23.Rg2 Rxc2 24.Qg3 Bd4 25.h3 Rf2 26.f5 Rxf5 27.Qg4 Qd7 28.Re1 h5
29.Qg3 Bb6 30.Rc2 Rd5 31.Rd1 Rg5 32.Qf3 Rf5 33.Qg2 Rf4 34.Rf1 Rd4 35.Rd2 Rd5
36.d4 Rxd4 37.Rxd4 Qxd4 38.Qf3 Qd7 39.Kg2 Kg7 40.Qc3+ Kg8 41.b3 Qd5+ 42.Qf3 Qd2+
43.Kh1 Qd7 44.Kg2 Bc5 45.Rd1 Qe7 46.Kh1 a5 47.Rf1 b6 48.Rd1 Qe5 49.Rf1 Qe6
50.Rd1 Kg7 51.Kg2 h4 52.Qc3+ Kh7 53.Qf3 Kg7 54.Qc3+ Kh7 55.Qf3 Kg7  1/2-1/2

[Event "Bundesliga 2002-3"]
[Site "Hamburg GER"]
[Date "2003.01.11"]
[Round "8"]
[White "Speelman,J"]
[Black "Holzke,F"]
[Result "1-0"]
[WhiteElo "2583"]
[BlackElo "2479"]

1.Nf3 Nf6 2.c4 c5 3.Nc3 Nc6 4.d4 cxd4 5.Nxd4 e6 6.a3 Be7 7.g3 Ne5 8.e4 d5
9.cxd5 exd5 10.Bb5+ Bd7 11.Bf4 Ng6 12.e5 Ne4 13.Nxe4 Nxf4 14.gxf4 Bxb5 15.Nxb5 dxe4
16.Qxd8+ Rxd8 17.Ke2 f6 18.Nc7+ Kf7 19.e6+ Kg6 20.Rhg1+ Kh6 21.Rad1 Rd6 22.f5 Rhd8
23.Rxd6 Bxd6 24.Nb5 Be7 25.Nxa7 g6 26.Rc1 gxf5 27.Rc7 Re8 28.Rc8  1-0

[Event "Bundesliga 2002-3"]
[Site "Hamburg GER"]
[Date "2003.01.12"]
[Round "9"]
[White "Emms,J"]
[Black "Speelman,J"]
[Result "1/2-1/2"]
[WhiteElo "2515"]
[BlackElo "2583"]

1.e4 e6 2.d4 d5 3.Nd2 dxe4 4.Nxe4 Nd7 5.Nf3 Ngf6 6.Nxf6+ Nxf6 7.Bd3 c5 8.dxc5 Bxc5
9.O-O O-O 10.Qe2 b6 11.Bg5 Bb7 12.Rad1 Qc7 13.Bxf6 gxf6 14.Be4 Bxe4 15.Qxe4 Rfd8
16.c3 f5 17.Qa4 Be7 18.Rxd8+ Rxd8 19.Rd1 Bf6 20.g3 Rxd1+ 21.Qxd1 Qc4 22.a3 h5
23.Ne1  1/2-1/2

[Event "Gibraltar Masters"]
[Site "Catalan Bay ENG"]
[Date "2003.01.28"]
[Round "1"]
[White "Speelman,J"]
[Black "Gayson,P"]
[Result "1-0"]
[WhiteElo "2583"]
[BlackElo "2257"]

1.e4 c5 2.Nf3 e6 3.c3 d5 4.exd5 exd5 5.d4 Nf6 6.Bb5+ Nc6 7.O-O Be7 8.dxc5 Bxc5
9.Nbd2 O-O 10.Nb3 Be7 11.Bf4 Bf5 12.Nfd4 Nxd4 13.Nxd4 Bg6 14.Re1 Ne4 15.f3 Bd6
16.Bxd6 Nxd6 17.Qb3 Qg5 18.Bf1 h6 19.g3 Rfe8 20.Qb4 Rxe1 21.Rxe1 Rd8 22.Qa5 Re8
23.Rxe8+ Nxe8 24.Qb5 Qe3+ 25.Kg2 Nd6 26.Qxd5 Ne4 27.Qb5 Qf2+ 28.Kh1 Nd2 29.Be2 Kh7
30.g4 a6 31.Qe5 Nf1 32.a4 f6 33.Qc7 Qe1 34.Kg2 Ne3+ 35.Kh3 f5 36.Ne6 fxg4+
37.fxg4 Nf5 38.Nf8+ Kg8 39.Nxg6 Qxe2 40.Qc8+ Kh7 41.Qxf5 Qe3+ 42.Kh4 Qe1+
43.Kh5 Qe8 44.a5 Kg8 45.Qf8+ Qxf8 46.Nxf8 Kxf8 47.Kg6  1-0

[Event "Gibraltar Masters"]
[Site "Catalan Bay ENG"]
[Date "2003.01.29"]
[Round "2"]
[White "Johansen,D"]
[Black "Speelman,J"]
[Result "1/2-1/2"]
[WhiteElo "2487"]
[BlackElo "2583"]

1.b3 d5 2.Bb2 Bg4 3.f3 Bh5 4.e3 c6 5.Ne2 f6 6.d4 e6 7.Qd2 Bd6 8.Nbc3 Ne7
9.O-O-O Nd7 10.h4 Qc7 11.g4 Bf7 12.h5 O-O-O 13.Kb1 Kb8 14.Bg2 a6 15.e4 e5
16.exd5 cxd5 17.dxe5 fxe5 18.Ne4 dxe4 19.Qxd6 Qxd6 20.Rxd6 Kc7 21.Rhd1 Nc6
22.f4 Nd4 23.fxe5 Nxe2 24.e6 Bxe6 25.Rxe6 Nf4 26.Rxe4 Nxg2 27.Re7 Rhg8 28.Be5+ Kc8
29.Bg3 Nf6 30.Rc7+ Kb8 31.Rcd7+ Kc8 32.Rc7+ Kb8 33.Rcd7+  1/2-1/2

[Event "Gibraltar Masters"]
[Site "Catalan Bay ENG"]
[Date "2003.01.31"]
[Round "4"]
[White "Kotronias,V"]
[Black "Speelman,J"]
[Result "1-0"]
[WhiteElo "2573"]
[BlackElo "2583"]

1.e4 c6 2.d4 d5 3.e5 c5 4.dxc5 e6 5.Be3 Nh6 6.c3 Nf5 7.Bd4 Bd7 8.Nf3 Nc6
9.a3 a5 10.Be2 Be7 11.O-O a4 12.Bd3 Nfxd4 13.cxd4 b6 14.Nc3 bxc5 15.dxc5 Bxc5
16.Nxa4 Ba7 17.Bc2 O-O 18.b4 f6 19.Qd3 g6 20.exf6 Qxf6 21.Nc5 Bxc5 22.bxc5 Ra5
23.Qe3 Qf4 24.Rfc1 Qxe3 25.fxe3 Rfa8 26.Bd3 Kf8 27.Rab1 Rxa3 28.Bb5 Rxe3
29.Bxc6 Bxc6 30.Rb6 Rc8 31.Nd4 Bd7 32.Rb7 Be8 33.Rf1+ Kg8 34.Rf6 g5 35.Nxe6 Bg6
36.c6 Rc3 37.Rg7+ Kh8 38.c7  1-0

[Event "Gibraltar Masters"]
[Site "Catalan Bay ENG"]
[Date "2003.02.01"]
[Round "5"]
[White "Speelman,J"]
[Black "Zak,Uri1"]
[Result "1/2-1/2"]
[WhiteElo "2583"]
[BlackElo "2341"]

1.c4 e6 2.Nf3 Nf6 3.Nc3 d5 4.d4 Be7 5.Bg5 Nbd7 6.e3 O-O 7.Qc2 h6 8.Bh4 c5
9.Rd1 Qa5 10.Nd2 cxd4 11.exd4 Qd8 12.Bg3 dxc4 13.Nxc4 Nb6 14.Ne5 Bd7 15.Nxd7 Qxd7
16.Bb5 Qd8 17.O-O Rc8 18.Qe2 Nbd5 19.Rc1 Qa5  1/2-1/2

[Event "Gibraltar Masters"]
[Site "Catalan Bay ENG"]
[Date "2003.02.02"]
[Round "6"]
[White "Plaskett,J"]
[Black "Speelman,J"]
[Result "0-1"]
[WhiteElo "2467"]
[BlackElo "2583"]

1.e4 d5 2.Nc3 dxe4 3.Nxe4 Nc6 4.Bb5 Qd5 5.Qe2 Bf5 6.Ng3 Qxg2 7.Qe5 e6 8.Qxc7 Bc5
9.Qf4 O-O-O 10.Bxc6 Qxc6 11.d3 Nf6 12.Qf3 Bb4+ 13.Bd2 Qxc2  0-1

[Event "Gibraltar Masters"]
[Site "Catalan Bay ENG"]
[Date "2003.02.03"]
[Round "7"]
[White "Speelman,J"]
[Black "Sulskis,S"]
[Result "1/2-1/2"]
[WhiteElo "2583"]
[BlackElo "2567"]

1.Nf3 d5 2.d4 Nf6 3.c4 e6 4.Bg5 Be7 5.e3 O-O 6.Nbd2 b6 7.cxd5 exd5 8.Rc1 Bb7
9.Bxf6 Bxf6 10.Bd3 c5 11.dxc5 bxc5 12.Rxc5 Na6 13.Rb5 Bc6 14.Bxh7+ Kxh7 15.Qc2+ Kg8
16.Qxc6 Rc8 17.Qxa6 Rc1+ 18.Ke2 Rxh1 19.Qb7 d4 20.Rd5  1/2-1/2

[Event "Bundesliga 2002-3"]
[Site "Cologne GER"]
[Date "2003.02.08"]
[Round "10"]
[White "Speelman,J"]
[Black "Hansen,Cu"]
[Result "0-1"]
[WhiteElo "2583"]
[BlackElo "2610"]

1.Nf3 Nf6 2.c4 e6 3.Nc3 d5 4.d4 c6 5.e3 Nbd7 6.Qc2 Bd6 7.Bd3 O-O 8.O-O dxc4
9.Bxc4 a6 10.Bd2 c5 11.Bd3 h6 12.Rfd1 cxd4 13.exd4 b6 14.Ne4 Be7 15.Ne5 Bb7
16.Nc6 Qe8 17.Bf4 Rc8 18.Nxe7+ Qxe7 19.Bd6 Rxc2 20.Bxe7 Bxe4 21.Bxc2 Bxc2
22.Rd2 Be4 23.Bxf8 Kxf8 24.f3 Bd5 25.Rc2 Ke7 26.Rc7 a5 27.Kf2 Ne8 28.Rc2 Nb8
29.a3 Nc6 30.Ke3 Nd6 31.g4 Nb5 32.Rd2 Nd6 33.Rc2 Nb5 34.Rd2 a4 35.h4 Nd6
36.Rf2 Nc4+ 37.Kd3 b5 38.Kc3 Nb6 39.Re1 Bc4 40.f4 Nd5+ 41.Kd2 Nxd4 42.f5 Nb3+
43.Kc2 Nc5 44.Rf3 f6 45.fxe6 Nxe6 46.g5 hxg5 47.hxg5 fxg5 48.Kd2 Nf4 49.Kc3 Kf6
50.Rg1 Kf5 51.Kb4 g4 52.Rfg3 Be2 53.b3 axb3 54.Rxb3 Nd4 55.Rbb1 Nf3 56.Rgd1 Bxd1
57.Rxd1 g3 58.Kxb5 g2 59.a4 g1=Q 60.Rxg1 Nxg1 61.a5 Nd5 62.Kc5 Ke6 63.a6 Nc7
64.a7 Kd7 65.Kd4 Nf3+ 66.Ke4 Ng5+  0-1

[Event "Bundesliga 2002-3"]
[Site "Cologne GER"]
[Date "2003.02.09"]
[Round "11"]
[White "Upleger,M"]
[Black "Speelman,J"]
[Result "1/2-1/2"]
[WhiteElo "2268"]
[BlackElo "2583"]

1.e4 d5 2.exd5 Qxd5 3.Nc3 Qa5 4.Bc4 Nf6 5.Nge2 c6 6.O-O Bf5 7.d3 e6 8.Bd2 Qc7
9.Ng3 Bg6 10.f4 Bc5+ 11.Kh1 O-O 12.f5 exf5 13.Nxf5 Nbd7 14.Qe1 b5 15.Bb3 Rfe8
16.Qh4 Bf8 17.Bf4 Qb6 18.Bg5 a5 19.a3 a4 20.Ba2 b4 21.axb4 Qxb4 22.Qxb4 Bxb4
23.Bd2 a3 24.bxa3 Bxa3 25.Bb3 Nc5 26.Bc4 Ne6 27.Bxe6 fxe6 28.Nd4 e5 29.Nxc6 e4
30.Nxe4 Nxe4 31.dxe4 Bxe4 32.Nd4 Bc5 33.c3 Bxd4 34.cxd4 Bxg2+ 35.Kxg2 Rxa1
36.Rxa1 Re2+ 37.Kg3 Rxd2 38.Ra8+ Kf7 39.Rd8 Ke7 40.Rd5 Ke6 41.Rd8 Kf5 42.Rd5+ Ke4
43.Rd7 Rxd4 44.Rxg7 Kf5  1/2-1/2

[Event "Bundesliga 2002-3"]
[Site "Luebeck GER"]
[Date "2003.03.08"]
[Round "12"]
[White "Speelman,J"]
[Black "Schenk,Andreas"]
[Result "1/2-1/2"]
[WhiteElo "2583"]
[BlackElo "2478"]

1.Nf3 Nf6 2.c4 e6 3.b3 d5 4.Bb2 Be7 5.g3 O-O 6.Bg2 c5 7.cxd5 Nxd5 8.Nc3 Nc6
9.O-O Bf6 10.Rc1 Nde7 11.Re1 Bd7 12.Ba3 Qa5 13.Nb1 Nb4 14.d4 cxd4 15.Qd2 Nbc6
16.Qxa5 Nxa5 17.Nxd4 Rfc8 18.e3 Nd5 19.Nf5 exf5 20.Bxd5 Bc6 21.Bg2 g6 22.Nd2 Rd8
23.Bb4 Bxg2 24.Bxa5 Rd5 25.Kxg2 Rxa5 26.Rc2 Rd8  1/2-1/2

[Event "British Land Match"]
[Site "London ENG"]
[Date "2003.06.26"]
[Round "1"]
[White "Howell,D"]
[Black "Speelman,J"]
[Result "1-0"]
[WhiteElo "2251"]
[BlackElo "2578"]

1.e4 c6 2.d4 d5 3.exd5 cxd5 4.c4 Nf6 5.Nc3 e6 6.Nf3 Bb4 7.cxd5 Nxd5 8.Qc2 Nd7
9.Be2 N7f6 10.O-O O-O 11.Bg5 h6 12.Bh4 Nf4 13.Bc4 Ng6 14.Bg3 Nh5 15.a3 Bxc3
16.bxc3 Bd7 17.Rfe1 Rc8 18.Ba2 Bc6 19.Bxe6 fxe6 20.Qxg6 Nxg3 21.Qxe6+ Kh7
22.hxg3 Bd5 23.Qe3 Qc7 24.Qd3+ Kg8 25.Re3 Qf7 26.Rae1 Rc7 27.Qd2 Bxf3 28.Rxf3 Qd5
29.Rxf8+ Kxf8 30.Qf4+ Qf7 31.Qe5 Kg8 32.d5 Rc5 33.Rd1 b6 34.Qd4 Qd7 35.d6 Rf5
36.Qc4+ Rf7 37.Re1 Kh7 38.Qe4+ Kg8 39.Qd5 Kh7 40.c4 Rf6 41.Qe4+ Rg6 42.Rd1 h5
43.Rd5 Kh6 44.Rxh5+ Kxh5 45.Qh4+  1-0

[Event "25th Politiken Cup"]
[Site "Copenhagen DEN"]
[Date "2003.07.14"]
[Round "1"]
[White "Pallesen,J"]
[Black "Speelman,J"]
[Result "0-1"]
[WhiteElo "2056"]
[BlackElo "2589"]

1.d4 e6 2.Nf3 Nf6 3.Bg5 h6 4.Bh4 b6 5.Nbd2 Bb7 6.c3 d6 7.Qc2 Nbd7 8.e4 g5
9.Bg3 Nh5 10.Bd3 Bg7 11.O-O-O Qe7 12.Nf1 Nf4 13.Bxf4 gxf4 14.g3 h5 15.Kb1 Bh6
16.N1d2 O-O-O 17.Rhe1 Kb8 18.e5 fxg3 19.exd6 cxd6 20.fxg3 Bxd2 21.Nxd2 h4
22.Be4 d5 23.Bd3 hxg3 24.hxg3 Rdg8 25.Nf1 Nf6 26.Re2 Qc7 27.Rh2 Rh5 28.Rxh5 Nxh5
29.Rd2 Nxg3 30.Rg2 Rg7 31.Qf2 Nh5 32.Rxg7 Nxg7 33.Qf6 Ne8 34.Qh8 Bc6 35.Nd2 Kb7
36.Kc2 f6 37.Qf8 Qg7 38.Qb4 a5 39.Qa3 e5 40.dxe5 fxe5 41.b4 Qf8 42.Nb1 Qf2+
43.Kd1 e4 44.Be2 Qg1+ 45.Kc2 Qe1 46.Bh5 Bb5 47.Bxe8 Bd3+ 48.Kb3 Qd1+ 49.Kb2 Qxb1+  0-1

[Event "25th Politiken Cup"]
[Site "Copenhagen DEN"]
[Date "2003.07.17"]
[Round "4"]
[White "Speelman,J"]
[Black "Tallaksen,G"]
[Result "1/2-1/2"]
[WhiteElo "2589"]
[BlackElo "2285"]

1.Nf3 Nf6 2.c4 e6 3.Nc3 Bb4 4.e3 b6 5.Be2 Bb7 6.O-O O-O 7.Qc2 d6 8.b3 Nbd7
9.Bb2 Qe7 10.Nb5 c6 11.a3 Bc5 12.Nc7 Rac8 13.Nxe6 fxe6 14.d4 e5 15.dxc5 Nxc5
16.b4 Ne6 17.Rfd1 c5 18.Ne1 Ne4 19.f3 Nf6 20.Rd2 Kh8 21.Rad1 Ne8 22.Bd3 Ng5
23.h4 e4 24.hxg5 exd3 25.Qxd3 Qxg5 26.e4 cxb4 27.axb4 a5 28.b5 Qc5+ 29.Bd4 Qxc4
30.Bxb6 Qxd3 31.Rxd3 a4 32.Ra1 Ra8 33.Rd4 a3 34.Rd3 d5 35.exd5 Nd6 36.Bc5 Rfd8
37.Bxd6 Rxd6 38.Raxa3 Rxa3 39.Rxa3 Rxd5 40.Rb3 Kg8 41.Kf2 Kf7 42.Nd3 Ke7
43.Ke3 Kd6 44.b6 g5 45.Rc3 Rb5 46.Rc7 Rxb6 47.Rxh7 g4 48.Rh6+ Kc7 49.Rxb6 Kxb6
50.fxg4 Bxg2 51.g5 Kc7 52.Nf4 Bc6 53.g6 Be8 54.g7 Bf7 55.Ke4 Kd6 56.Kf5 Ke7
57.Ng6+ Ke8 58.Kf6 Bg8 59.Ne7 Bf7 60.Nf5 Bg8 61.Kg6 Be6 62.Nd4 Bg8 63.Kf6 Bf7
64.Ne6 Bg8 65.Nf4 Bf7 66.Ng6 Bg8 67.Nh8  1/2-1/2

[Event "25th Politiken Cup"]
[Site "Copenhagen DEN"]
[Date "2003.07.20"]
[Round "7"]
[White "Rasmussen,K"]
[Black "Speelman,J"]
[Result "1/2-1/2"]
[WhiteElo "2437"]
[BlackElo "2589"]

1.e4 g6 2.d4 Bg7 3.c3 Nf6 4.Bd3 d6 5.Nf3 O-O 6.O-O Nc6 7.Na3 e5 8.Nc2 h6
9.Re1 Re8 10.dxe5 Nxe5 11.Nxe5 dxe5 12.Ne3 a6 13.a4 b6 14.f3 Bd7 15.Bc4 b5
16.Bb3 Qe7 17.Nd5  1/2-1/2

[Event "25th Politiken Cup"]
[Site "Copenhagen DEN"]
[Date "2003.07.22"]
[Round "8"]
[White "Speelman,J"]
[Black "Michelakis,G"]
[Result "1/2-1/2"]
[WhiteElo "2589"]
[BlackElo "2405"]

1.d4 Nf6 2.Bg5 e6 3.c3 h6 4.Bh4 b6 5.Nd2 Bb7 6.Qb1 c5 7.e3 Be7 8.Ngf3 Nc6
9.a3 O-O 10.Be2 d5 11.b4 Ne4 12.Nxe4 Bxh4 13.Ned2 cxd4 14.cxd4 Be7 15.O-O a5
16.b5 Na7 17.Ne5 Rc8 18.Rc1  1/2-1/2

[Event "25th Politiken Cup"]
[Site "Copenhagen DEN"]
[Date "2003.07.24"]
[Round "10"]
[White "Speelman,J"]
[Black "Carlsen,M"]
[Result "1/2-1/2"]
[WhiteElo "2589"]
[BlackElo "2385"]

1.d4 Nf6 2.Bg5 Ne4 3.Bf4 d5 4.Nd2 Bf5 5.e3 e6 6.Nxe4 Bxe4 7.Ne2 Bd6 8.Qd2 Nc6
9.Bxd6 Qxd6 10.Nc3 Bg6 11.Be2 Ne7 12.Nb5 Qd7 13.O-O O-O 14.Rfd1 c6 15.Nc3 Qd6
16.Na4 e5 17.Nc5 b6 18.Nd3 Bxd3 19.dxe5 Qxe5 20.cxd3 Qd6 21.b4 a5 22.a3 g6
23.g3 Ra7 24.d4 axb4 25.axb4 Rfa8 26.Rxa7 Rxa7 27.b5 c5 28.dxc5 bxc5 29.Bc4 Qb6
30.Bxd5 Nxd5 31.Qxd5 Qxb5 32.h4 h5 33.Rc1 Rd7 34.Qe5 Qc6 35.Qe8+ Kg7 36.Qe5+ f6
37.Qc3  1/2-1/2

[Event "25th Politiken Cup"]
[Site "Copenhagen DEN"]
[Date "2003.07.25"]
[Round "11"]
[White "Hoi,C"]
[Black "Speelman,J"]
[Result "0-1"]
[WhiteElo "2385"]
[BlackElo "2589"]

1.d4 Nf6 2.c4 e6 3.Nf3 b6 4.Nc3 Bb7 5.Bg5 Be7 6.Qc2 c5 7.dxc5 bxc5 8.e3 h6
9.Bh4 O-O 10.Be2 d6 11.O-O-O Nbd7 12.Rhg1 Ne8 13.Bxe7 Qxe7 14.g4 Rb8 15.g5 Bxf3
16.Bxf3 hxg5 17.Ne4 g4 18.Rxg4 Ne5 19.Ng5 g6 20.Rg3 Nxf3 21.Nxf3 Ng7 22.h4 Rb6
23.Qc3 Nh5 24.Rgg1 Qf6 25.Qxf6 Nxf6 26.Ng5 Kg7 27.Kc2 Rh8 28.Rh1 Kf8 29.Rd3 Ke7
30.Ra3 a6 31.f3 Rhb8 32.Rb3 a5 33.Rxb6 Rxb6 34.b3 Rb8 35.Kc3 Nh5 36.Ne4 Ng7
37.Ng3 Kd7 38.h5 gxh5 39.Nxh5 Nf5 40.Kd3 a4 41.Rb1 Kc6 42.Nf6 Nh4 43.f4 Nf5
44.Ne4 axb3 45.axb3 d5 46.Nd2 Rd8 47.Ke2 d4 48.e4 Ne7 49.Rh1 Ng6 50.Kf3 Ra8
51.f5 Ne5+ 52.Kf4 Kd6 53.Rh3 Ra2 54.b4 Rxd2 55.bxc5+ Kxc5 56.Kxe5 exf5 57.exf5 Ra2
58.Kf6 Ra7 59.Rh7 d3  0-1

[Event "1st Masters"]
[Site "Malmo SWE"]
[Date "2003.07.28"]
[Round "1"]
[White "McShane,L"]
[Black "Speelman,J"]
[Result "1/2-1/2"]
[WhiteElo "2619"]
[BlackElo "2589"]

1.e4 c6 2.d4 d5 3.f3 e6 4.Nc3 b6 5.Be3 Ba6 6.Bxa6 Nxa6 7.Qd3 Nc7 8.O-O-O Qc8
9.Nge2 Qa6 10.Nf4 Nf6 11.Qxa6 Nxa6 12.e5 Nd7 13.Nce2 Nc7 14.c3 Be7 15.g4 O-O
16.Nh5  1/2-1/2

[Event "1st Masters"]
[Site "Malmo SWE"]
[Date "2003.07.29"]
[Round "2"]
[White "Speelman,J"]
[Black "Sebag,M"]
[Result "1/2-1/2"]
[WhiteElo "2589"]
[BlackElo "2432"]

1.d4 d5 2.Bg5 h6 3.Bh4 c6 4.Nf3 Bf5 5.e3 Nd7 6.c4 Ngf6 7.Nc3 e6 8.Qb3 Qb6
9.c5 Qc7 10.Qd1 b5 11.Bg3 Qb7 12.Nd2 Be7 13.Be2 O-O 14.O-O Bd8 15.Rc1 b4
16.Na4 Re8 17.b3 Ne4 18.Nxe4 Bxe4 19.Bd3 Bxd3 20.Qxd3 Bc7 21.Bxc7  1/2-1/2

[Event "1st Masters"]
[Site "Malmo SWE"]
[Date "2003.08.02"]
[Round "6"]
[White "Tairi,F"]
[Black "Speelman,J"]
[Result "1/2-1/2"]
[WhiteElo "2245"]
[BlackElo "2589"]

1.e4 d5 2.exd5 Qxd5 3.Nc3 Qa5 4.d4 Nf6 5.Nf3 c6 6.Bc4 Bg4 7.h3 Bxf3 8.Qxf3 e6
9.Bd2 Qc7 10.O-O-O Nbd7 11.g4 Nb6 12.Bf1 Bd6 13.g5 Nfd5 14.Ne4 Bf4 15.c4 Bxd2+
16.Rxd2 Nf4 17.c5 Nbd5 18.Nd6+ Kf8 19.Bc4 Rd8 20.Re1 Rxd6 21.cxd6 Qxd6 22.Re4 g6
23.Qg3 Ke7 24.a3 Nh5 25.Qb3 Nb6 26.Re5  1/2-1/2

[Event "1st Masters"]
[Site "Malmo SWE"]
[Date "2003.08.06"]
[Round "9"]
[White "Speelman,J"]
[Black "Ahlander,B"]
[Result "1-0"]
[WhiteElo "2589"]
[BlackElo "2393"]

1.d4 Nf6 2.Nf3 e6 3.g3 b6 4.Bg2 Bb7 5.c4 Be7 6.O-O O-O 7.Nc3 Ne4 8.Bd2 f5
9.Qc2 Bf6 10.Rad1 Qc8 11.d5 Na6 12.Nxe4 fxe4 13.Qxe4 Re8 14.Ng5 Bxg5 15.Bxg5 exd5
16.Qg4 d6 17.Qxc8 Raxc8 18.Be3 Nb4 19.Rd2 d4 20.Bxb7 dxe3 21.fxe3 Rb8 22.Bf3 Re7
23.a3 Na6 24.Bd5+ Kh8 25.Rd4 Nc5 26.Rdf4 Nd7 27.Rf7 Rxf7 28.Rxf7 Ne5 29.Rxc7 a5
30.h3 h5 31.Kf2 Kh7 32.Ke1 h4 33.gxh4 b5 34.c5 dxc5 35.Rxc5 Kg6 36.Be4+ Kf6
37.Bd3 Nc4 38.Bxc4 bxc4 39.Rxc4 Rxb2 40.Rc5 a4 41.Rc4 Rb3 42.Rxa4 Rxe3 43.Kf2 Rxh3
44.e3 Rh2+ 45.Kg3 Re2 46.Kf3 Rh2 47.Re4 Kf5 48.a4 Ra2 49.Rb4 Ke6 50.Rb6+ Kf7
51.Ra6 Rh2 52.Kg3 Re2 53.Kf4 Rh2 54.Ke5 Rxh4 55.Ra7+ Ke8 56.a5 Kd8 57.e4 Rh5+
58.Kd6 Rh6+ 59.Kd5 g5 60.e5 g4 61.Rg7 Ra6 62.Rxg4 Rxa5+ 63.Ke6 Ra1 64.Rg8+ Kc7
65.Ke7 Rh1 66.e6 Rh7+ 67.Kf6 Rh6+ 68.Kf7 Rh7+ 69.Rg7 Rh8 70.Rg1 Rh7+ 71.Kg6 Rh8
72.Rd1  1-0

[Event "Simpsons 175th"]
[Site "London ENG"]
[Date "2003.08.26"]
[Round "2"]
[White "Howell,D"]
[Black "Speelman,J"]
[Result "0-1"]
[WhiteElo "2323"]
[BlackElo "2589"]

1.e4 g6 2.d4 Bg7 3.Nc3 d6 4.f4 Nf6 5.a3 O-O 6.Nf3 Na6 7.Be3 c5 8.Bxa6 cxd4
9.Bxd4 bxa6 10.O-O Bb7 11.Qe2 Nh5 12.Qd2 Bh6 13.Be3 Nf6 14.f5 Qb6 15.Bxb6 Bxd2
16.Nxd2 axb6 17.Rae1 Rfc8 18.e5 dxe5 19.Rxe5 Rc7 20.Rfe1 Kf8 21.h3 Rd8 22.Nf1 Nh5
23.fxg6 hxg6 24.g3 Ng7 25.R5e2 Nf5 26.Rf2 Rd6 27.g4 Nd4 28.Re3 Rf6 29.Rxf6 exf6
30.Rd3 Nxc2 31.Kf2 b5 32.Ne3 Nxe3 33.Kxe3 Ke7 34.Rd4 Ke6 35.Rd8 f5 36.g5 Rc4
37.Rd4 Rxd4 38.Kxd4 f4 39.Ne4 Ba8 40.h4 Kf5 41.Nf2 f3 42.Ke3 a5 43.Nd3 Kg4
44.Nf2+ Kxh4 45.Kf4 Bb7 46.Nd3 Kh3 47.Ke3 Kg3 48.Nf2 Bd5 49.b4 axb4 50.axb4 Ba8
51.Nd3 Bb7 52.Kd2 f2 53.Ke2 Bf3+  0-1

[Event "Simpsons 175th"]
[Site "London ENG"]
[Date "2003.08.27"]
[Round "3"]
[White "Speelman,J"]
[Black "Emms,J"]
[Result "1/2-1/2"]
[WhiteElo "2589"]
[BlackElo "2520"]

1.d4 Nf6 2.Nf3 e6 3.c4 b6 4.a3 Ba6 5.e3 d5 6.Nbd2 Be7 7.b3 O-O 8.Bb2 c5 9.Be2 Nc6
10.cxd5 Bxe2 11.Qxe2 exd5 12.O-O Rc8 13.Rfd1 cxd4 14.Nxd4 Nxd4 15.Bxd4 Qd7
16.Qd3  1/2-1/2